| 000 | 03295nam a22002897a 4500 | ||
|---|---|---|---|
| 003 | DO-CoUTE | ||
| 005 | 20260511142752.0 | ||
| 008 | 260511b dr ||||| |||| 00| 0 spa d | ||
| 040 |
_aDO-CoUTE _bspa _cDO-CoUTE |
||
| 041 | _aspa | ||
| 092 | _aGEO 2026 A17 | ||
| 100 | 1 |
_aAbreu Henríquez, Gianibel _eSustentante |
|
| 245 | 1 | 0 |
_aCaracterización Hidrogeológica En Los Acuíferos De La Región De Cotuí Y Su Relación Con La Cuenca De La Presa De Hatillo. / _cGianibel Abreu Henríquez, Rowen Rafael Reyes Pérez, Erica Fransheyra De La Cruz, Eduard Ynmanol Martínez Vásquez ; Asesor, Pedro José Luis Aquino |
| 260 |
_aCotuí, República Dominicana ; _bUTECO, _c2026 |
||
| 300 |
_a65 Hojas : _bImágenes ; _c23cm, _e+ 1 CD-ROM |
||
| 502 | _aTrabajo de Grado (Ingeniero Civil) Universidad Tecnológica del Cibao Oriental, 2026. | ||
| 504 | _aIncluye referencia bibliográfica e índice. | ||
| 520 | _aLa presente propuesta tuvo como objetivo principal desarrollar un plan de gestión integral y sostenible para los acuíferos de la región de Cotuí, que contribuya a disminuir su vulnerabilidad ante riesgos ambientales, especialmente los derivados de actividades extractivas, expansión urbana y falta de monitoreo. La propuesta responde a los resultados del diagnóstico realizado previamente y a la necesidad urgente de implementar medidas de protección y uso racional de los recursos hídricos subterráneos en la zona. El enfoque adoptado combina la investigación hidrogeológica, la educación ambiental, la participación comunitaria y el fortalecimiento institucional. Se plantea implementar una red de monitoreo de los acuíferos, promover acciones de conservación en las zonas de recarga y fomentar la corresponsabilidad de todos los actores involucrados, incluyendo la empresa minera, las autoridades locales y la población. Después de una investigación exhaustiva sobre evaluar las características hidrológicas en los acuíferos en la región de Cotuí y determinar su relación hidrogeológica con el embalse de la Presa de Hatillo, con el propósito de generar información técnica que contribuya a la planificación hídrica sostenible”, se llegó a las siguientes conclusiones. Se discutieron las propiedades físicas e hidráulicas de los acuíferos primarios en Cotuí basándose en cambios en la captación de agua, puntos de posición y capacidad de almacenamiento. Se evaluaron las condiciones de recarga y descarga de los acuíferos, su infiltración efectiva, flujos subterráneos y áreas de conexión potencial con el embalse de Hatillo. Se evaluaron los efectos hidrodinámicos que el embalse de Hatillo tiene sobre los acuíferos circundantes a través de análisis piezométricos, estudios comparativos y la generación de un modelo hidrogeológico conceptual. | ||
| 650 | 4 | _aHidrogeológica en los acuíferos | |
| 700 | 1 |
_aGianibel Abreu Henríquez _eSustentante |
|
| 700 | 1 |
_aRowen Rafael Reyes Pérez _eSustentante |
|
| 700 | 1 |
_aErica Fransheyra De La Cruz _eSustentante |
|
| 700 | 1 |
_aPedro José Luis Aquino _eAsesor |
|
| 830 | _aTesis y disertaciones académicas (Universidad Tecnológica del Cibao Oriental) | ||
| 856 | _yHaga Click Aquí para Descargar en Texto Completo | ||
| 942 |
_2ddc _cTH |
||
| 999 |
_c24181 _d24181 |
||